Catálogo
 En Linea

L' Association des États de la Caraïbe : (Registro nro. 44116)

Detalles MARC
000 -CABECERA
campo de control de longitud fija 01102nam a2200193 a 4500
001 - NÚMERO DE CONTROL
campo de control 000044627
005 - FECHA Y HORA DE LA ÚLTIMA TRANSACCIÓN
campo de control 20201002045517.0
008 - DATOS DE LONGITUD FIJA--INFORMACIÓN GENERAL
campo de control de longitud fija 141210s2013 ht abc 000 0 spa d
020 ## - NÚMERO INTERNACIONAL ESTÁNDAR DEL LIBRO
Número Internacional Estándar del Libro 9789993574095
040 ## - FUENTE DE LA CATALOGACIÓN
Centro catalogador/agencia de origen DO-SdBNP
Lengua de catalogación spa
Centro/agencia transcriptor BNPHU
082 ## - NÚMERO DE LA CLASIFICACIÓN DECIMAL DEWEY
Número de clasificación xxxx
Número de documento/Ítem xxxx
100 1# - ENTRADA PRINCIPAL--NOMBRE DE PERSONA
Nombre de persona Denis, Watson
9 (RLIN) 72648
245 10 - MENCIÓN DE TÍTULO
Título L' Association des États de la Caraïbe :
Resto del título l'organisation de la Grande Caraïbe : formation, évolution et perspectives d'avenir /
Mención de responsabilidad, etc. Watson Denis.
260 ## - PUBLICACIÓN, DISTRIBUCIÓN, ETC.
Lugar de publicación, distribución, etc. Port-au Prince, Haiti :
Nombre del editor, distribuidor, etc. Challenges, Centre de Consultations et d'Etudes Spécialisées en Sciences Humaines et Sociales,
Fecha de publicación, distribución, etc. 2013.
300 ## - DESCRIPCIÓN FÍSICA
Extensión 245 p. :
Otras características físicas il., mapas, retrs. ;
Dimensiones 22 cm.
500 ## - NOTA GENERAL
Nota general Incluye datos biográficos del autor en la solapa de la contracubierta
504 ## - NOTA DE BIBLIOGRAFÍA, ETC.
Nota de bibliografía, etc. Bibliografía : p. 237-243
505 0# - NOTA DE CONTENIDO CON FORMATO
Nota de contenido con formato Remerciements --
Título Avant-propos --
-- L'Association des États de la Caraïbe(AEC): l'organisation de la Grande Caraïbe --
-- Les fondements juridiques de l'organisation --
-- Les déclarations émises ppar les Chefs d'État et de Gouvernement de l'AEC au cours des quatre premiers Sommets de l'organisation.
Existencias
Estado de retiro Estado de pérdida Restricciones de uso No para préstamo Código de colección Localización permanente Ubicación/localización actual Ubicación en estantería Fecha de adquisición Número de inventario Total de préstamos Signatura topográfica completa Código de barras Fecha visto por última vez Precio válido a partir de Tipo de ítem Koha Número de copia
      Excluido de préstamo Monografías: Libros y Folletos Patrimonio Dominicano Patrimonio Dominicano En catalogación 10.12.2014 LF1   xxxx xxxx 44627-10 25.06.2020 25.06.2020 No se presta  
      Excluido de préstamo Monografías: Libros y Folletos Patrimonio Dominicano Patrimonio Dominicano En catalogación 10.12.2014 LF1   xxxx xxxx 44627-20 25.06.2020 25.06.2020 No se presta e. 2

Con tecnología Koha